UM Logo

Information governance : (Record no. 13823)

MARC details
000 -LEADER
fixed length control field 00785nam a22002057a 4500
008 - FIXED-LENGTH DATA ELEMENTS--GENERAL INFORMATION
fixed length control field 190422b ||||| |||| 00| 0 eng d
020 ## - INTERNATIONAL STANDARD BOOK NUMBER
International Standard Book Number 9781118419496
082 ## - DEWEY DECIMAL CLASSIFICATION NUMBER
Edition number 2014
Classification number AV-Eb 658.4038
Item number S635
100 ## - MAIN ENTRY--PERSONAL NAME
Personal name Smallwood,Robert F.
9 (RLIN) 38426
245 ## - TITLE STATEMENT
Title Information governance :
Remainder of title concepts, strategies, and best practices /
Statement of responsibility, etc. Robert F. Smallwood
260 ## - PUBLICATION, DISTRIBUTION, ETC. (IMPRINT)
Name of publisher, distributor, etc. John Wiley & Sons, Incorporated,
Date of publication, distribution, etc. ©2014.
300 ## - PHYSICAL DESCRIPTION
Extent 462 pages;
440 ## - SERIES STATEMENT/ADDED ENTRY--TITLE
Title Wiley CIO Ser.
9 (RLIN) 38427
500 ## - GENERAL NOTE
General note Includes index.
650 ## - SUBJECT ADDED ENTRY--TOPICAL TERM
Topical term or geographic name as entry element Electronic records -- Management.
9 (RLIN) 38428
650 ## - SUBJECT ADDED ENTRY--TOPICAL TERM
Topical term or geographic name as entry element Information technology -- Management.
9 (RLIN) 38429
650 ## - SUBJECT ADDED ENTRY--TOPICAL TERM
Topical term or geographic name as entry element Management information systems.
9 (RLIN) 38430
856 ## - ELECTRONIC LOCATION AND ACCESS
Link text https://ebookcentral.proquest.com/lib/uniofmindanao-ebooks/detail.action?docID=1660411
942 ## - ADDED ENTRY ELEMENTS (KOHA)
Source of classification or shelving scheme Dewey Decimal Classification
Koha item type Ebooks
Holdings
Withdrawn status Lost status Source of classification or shelving scheme Damaged status Not for loan Home library Current library Shelving location Date acquired Source of acquisition Total Checkouts Full call number Barcode Date last seen Copy number Price effective from Koha item type
    Dewey Decimal Classification     UM Digos College - LIC UM Digos College - LIC Processing Center 04/22/2019 Downloaded   AV-Eb 658.4038 S635 Eb186 04/22/2019 1 04/22/2019 Ebooks